Normal view
MARC view
Entry Personal Name
001 - CONTROL NUMBER
- control field: 42805
003 - CONTROL NUMBER IDENTIFIER
- control field: OSt
005 - DATE AND TIME OF LATEST TRANSACTION
- control field: 20230524205139.0
008 - FIXED-LENGTH DATA ELEMENTS
- fixed length control field: 230524|| aca||aabn | a|a d
040 ## - CATALOGING SOURCE
- Original cataloging agency: OSt
- Transcribing agency: OSt
100 ## - HEADING--PERSONAL NAME
- Personal name: " Nirmal Kumar C Nair , Rashesh P Mehta , Vijay H Makwana"
670 ## - SOURCE DATA FOUND
- Source citation: Work cat.: (OSt)57781: Bhubenesh A Oza 42804, Power System Protection and Switchgear, 2015
